Catálogo
 En Linea

Problemas y métodos de la lingüística : (Registro nro. 39352)

Detalles MARC
000 -CABECERA
campo de control de longitud fija 00761nam a2200193 a 4500
001 - NÚMERO DE CONTROL
campo de control 000039862
005 - FECHA Y HORA DE LA ÚLTIMA TRANSACCIÓN
campo de control 20201002033757.0
008 - DATOS DE LONGITUD FIJA--INFORMACIÓN GENERAL
campo de control de longitud fija 130725s1991 sp 000 0 spa d
020 ## - NÚMERO INTERNACIONAL ESTÁNDAR DEL LIBRO
Número Internacional Estándar del Libro 8400071832
040 ## - FUENTE DE LA CATALOGACIÓN
Centro catalogador/agencia de origen DO-SdBNP
Lengua de catalogación spa
Centro/agencia transcriptor BNPHU
100 1# - ENTRADA PRINCIPAL--NOMBRE DE PERSONA
Nombre de persona Wartburg, Walther von,
Fechas asociadas al nombre 1888-1971
9 (RLIN) 66064
245 10 - MENCIÓN DE TÍTULO
Título Problemas y métodos de la lingüística :
Resto del título Walther Von Wartburg ; traducción de Dámaso Alonso y Emilio Lorenzo, anotado para lectores hispánicos por Dámaso Alonso.
250 ## - MENCIÓN DE EDICIÓN
Mención de edición 2a. ed.
260 ## - PUBLICACIÓN, DISTRIBUCIÓN, ETC.
Lugar de publicación, distribución, etc. Madrid :
Nombre del editor, distribuidor, etc. Consejo Superior de Investigaciones Científicas. "Instituto Miguel de Cervantes.",
Fecha de publicación, distribución, etc. 1991.
300 ## - DESCRIPCIÓN FÍSICA
Extensión 421 p. ;
Dimensiones 22 cm.
490 1# - MENCIÓN DE SERIE
Mención de serie Textos universitarios
Designación de volumen o secuencia 11
500 ## - NOTA GENERAL
Nota general Incluye índice
830 #0 - PUNTO DE ACCESO ADICIONAL DE SERIE-TÍTULO UNIFORME
Título uniforme Textos universitarios
Designación de volumen o secuencia 11
9 (RLIN) 1147
Existencias
Estado de retiro Estado de pérdida Restricciones de uso No para préstamo Código de colección Localización permanente Ubicación/localización actual Ubicación en estantería Fecha de adquisición Número de inventario Total de préstamos Signatura topográfica completa Código de barras Fecha visto por última vez Precio válido a partir de Tipo de ítem Koha
      Excluido de préstamo Monografías: Libros y Folletos General General En catalogación 25.07.2013 LF1   39862-10 25.06.2020 25.06.2020 No se presta

Con tecnología Koha